000 00414nam a2200169Ia 4500
001 10198
003 IN-NITTTR
005 20251114233055.0
008 251113s9999||||xx |||||||||||||| ||eng||
040 _beng
040 _cIN-NITTTR
041 _aeng
082 _a020.71 U3W
100 _aUnesco,
245 0 _aWorld guide to library schools and training courses in documentation /
_cUnesco
942 _2ddc
_cBK
999 _c12835
_d12835